00360nam a2200145Ia 4500008004100000020001500041041001200056082001600068100001300084245004200097260003700139300000800176650001400184700001600198221030s9999 xx 000 0 und d a8178084961 aEnglish a105.23bKru aR. Kruse 0aData Structures & Program Design In C bPearson EducationaDelhic2002 a671 aComputers aC. L. Tondo